Statistics for Filmfare Best Film

Click here to take the quiz!

General Stats

  • This quiz has been taken 21 times
  • The average score is 14 of 60

Answer Stats

Year Film % Correct
2002Devdas
73%
2001Lagaan
73%
1998Kuch Kuch Hota Hai
73%
2003Koi...Mil Gaya
67%
20093 Idiots
60%
1957Mother India
53%
2005Black
53%
1999Hum Dil De Chuke Sanam
53%
2012Barfi!
47%
1995Dilwale Dulhania Le Jayenge
47%
2010Dabangg
47%
1960Mughal-e-Azam
47%
2008Jodhaa Akbar
47%
2007Taare Zameen Par
47%
1994Hum Aapke Hain Koun
40%
2014Queen
40%
2004Veer-Zaara
40%
2006Rang De Basanti
40%
1954Boot Polish
33%
2000Kaho Naa... Pyaar Hai
33%
1971Anand
33%
1997Dil To Pagal Hai
33%
1975Deewar
33%
2011Zindagi Na Milegi Dobara
33%
2013Bhaag Milkha Bhaag
33%
1991Lamhe
27%
1988Qayamat Se Qayamat Tak
27%
1996Raja Hindustani
20%
1990Ghayal
20%
1989Maine Pyar Kiya
20%
1953Do Bigha Zamin
20%
1966Guide
20%
1958Madhumati
13%
1992Jo Jeeta Wohi Sikandar
13%
1993Hum Hain Rahi Pyar Ke
13%
1969Aradhana
7%
1985Ram Teri Ganga Maili
7%
1964Dosti
7%
1963Bandini
7%
1983Ardh Satya
7%
1982Shakti
7%
1981Kalyug
7%
1959Sujata
0%
1961Jis Desh Men Ganga Behti Hai
0%
1962Sahib Bibi Aur Ghulam
0%
1956Jhanak Jhanak Payal Baaje
0%
1955Jagriti
0%
1965Himalaya Ki God Mein
0%
1984Sparsh
0%
1967Upkar
0%
1968Brahmachari
0%
1972Be-Imaan
0%
1973Anuraag
0%
1974Rajnigandha
0%
1976Mausam
0%
1977Bhumika
0%
1978Main Tulsi Tere Aangan Ki
0%
1979Junoon
0%
1980Khubsoorat
0%
1970Khilona
0%

Score Distribution

Percentile by Number Answered

Percent of People with Each Score

Your Score History

You have not taken this quiz